Malacky: Rok 2009 bude v znamení verejných investícií

Bibliographic Details
Main Author: Turancová, Miriam (Author)
Format: Article
Language:Slovak
PhysicalDescription:Fotogr., tab.
ISSN:1335-1230
Subjects:

MARC

LEADER 00000nab a2200000 a 4500
001 vtls009514594
003 SK-MaSNL
005 20260303060722.0
008 140328c2009 xo zr|p|||||||000 b|slo
015 |a SNBRB2009/05  |2 snkbucl 
038 |a SNKBUCL 
040 |a SNKBUCL  |b slo  |c SNKBUCL  |e AACR2 
041 0 |a slo  |b eng 
044 |a xo  |c SK 
080 |a 711.435:72  |x (437.6)  |2 2001 
080 |a 332.14  |x (437.6)  |2 2001 
100 1 |a Turancová, Miriam  |4 aut  |9 1034240 
245 1 0 |a Malacky: Rok 2009 bude v znamení verejných investícií  |c Miriam Turancová 
300 |b Fotogr., tab. 
546 |a Res. angl. 
650 0 7 |a rozvoj miest  |2 snkbucl  |9 2928 
651 7 |a Malacky (Slovensko)  |2 snkbucl  |9 25103 
773 0 |t ASB  |g Roč. XVI, č. 3 (2009), s. 26-28  |x 1335-1230 
852 |a SNK  |b KIS3GCP 
958 |a SK 
999 |c 1732587  |d 1734517